[Event "Morelia/Linares 25th"]
[Site "Morelia/Linares"]
[Date "2008.03.06"]
[Round "13"]
[White "Radjabov, Teimour"]
[Black "Shirov, Alexei"]
[Result "1-0"]
[WhiteElo "2735"]
[BlackElo "2755"]
[Annotator "Radjabov,T"]
[PlyCount "57"]
[EventDate "2008.02.15"]
[EventType "tourn"]
[EventRounds "14"]
[EventCountry "ESP"]
[EventCategory "21"]
[SourceTitle "CBM 123"]
[Source "ChessBase"]
[SourceDate "2008.04.02"]
[SourceVersion "1"]
[SourceVersionDate "2008.04.02"]
[SourceQuality "1"]

1. e4 {Well, I wanted to have my revenge after the first part in Morelia where
I lost to Alexey with Black in the 7th round of this tournament. Also, ich
brannte auf Revanche nach dem ersten Teil in Morelia, wo ich gegen Alexey mit
Schwarz in der 7. Runde dieses Turniers verloren hatte.} c5 2. Nf3 d6 {An
aggressive choice. Alexey was doing badly in Linares and wanted to change the
situation finally. To win a game would be nice to start with. So the Najdorf.
Eine aggressive Wahl. Alexey erging es in Linares nicht gut, und er wollte die
Lage endlich ändern. Eine Partie zu gewinnen, wäre ein guter Anfang. Daher der
Najdorf.} 3. d4 cxd4 4. Nxd4 Nf6 5. Nc3 a6 6. Be2 e5 7. Nb3 Be7 8. Bg5 Be6 9.
Bxf6 Bxf6 10. Qd3 {Black has many options here, but Shirov goes for the most
natural. Black is developing and even attacking White's setup. An dieser
Stelle hat Schwarz viele Möglichkeiten, aber Shirov wählt das Natürlichste.
Der Nachziehende entwickelt sich und greitt den weißen Aufbau sogar an.} Nc6
11. O-O-O Nd4 12. Nxd4 exd4 13. Nd5 Bxd5 14. exd5 O-O 15. Qf3 Re8 ({If Black
goes for Falls Schwarz hier} 15... Qa5 {follows wählt, so} 16. Kb1 (16. Bd3
Qxa2 17. Qf5 Rfe8 18. Qxh7+ Kf8 19. Qh8+ Ke7 20. Rde1+ Be5 21. Qxg7 Qa1+ 22.
Kd2 Qa5+ $11) 16... d3 17. Bxd3 Qb4 18. c3 $1 Bxc3 19. Bxh7+ Kxh7 20. Qxc3 $16)
(15... d3 16. Bxd3 {with a pawn up for White and interesting play. mit
Mehrbauern für Weiß und interessantem Spiel.}) 16. Bd3 Re5 {Black tries to
activate his forces and go for Qa5-xd5. White has to be accurate if he wants
to gain something. Schwarz versucht, seine Kräfte zu aktivieren und zu Qa5-xd5
zu kommen. Weiß muss genau spielen, wenn er etwas herausholen will.} 17. Kb1 {
Waiting for Black's attack on the d5-pawn and protecting himself against ...
Qa5. Wartet den Angriff von Schwarz auf den d5-Bauern ab und wappnet sich
gegen ...Qa5.} Qa5 {Still now Black goes for the d5-pawn. So White has to
react, otherwise it will be a simply drawish endgame after Qxd5-Qxd5-Rxd5 then
g6-h5 and so on.  Trotzdem stürzt sich Schwarz jetzt auf den d5-Bauern. Weiß
muss daher reagieren, sonst wird es einfach ein remisliches Endspiel nach
Qxd5-Qxd5-Rxd5, dann g6-h5 und so weiter.} 18. g4 $1 {Now White prepares h4
with g5 to follow. I think that this exact position is quite playable for both
sides. But White looks preferable - at least according to statistics! Jetzt
bereitet der Anziehende h4 nebst g5 vor. Ich denke, dass genau diese Stellung
für beide Seiten durchaus spielbar ist. Allerdings ist Weiß offenbar
vorzuziehen - zumindest laut der Statistik!} Qxd5 19. Qxd5 Rxd5 20. f4 {
A pretty harmless looking endgame, which might be true if somebody finds an
easy way to improve on Black's play; but still I was happy to have this
position on the board. Das Endspiel wirkt ziemlich harmlos, was sogar
zutreffen könnte, falls jemand einen einfachen Weg findet, das Spiel von
Schwarz zu verbessern; nichtsdestoweniger war ich glücklch, die Stellung auf
dem Brett zu haben.} Bh4 $2 (20... g6 $4 21. b4 $1 $18 Rc8 22. a4 Rc3 23. Ka2
$18 {And Be4 to come , trapping the d5-rook and taking the point. nebst Be4,
was den Turm d5 fängt und den Punkt einfährt.}) (20... g5 {This move is
possible; after it White is slightly better in the endgame. There are some
examples in the database. fxg5, Rdf1 and so on are possible. Still it was the
best move here. Dieser Zug ist möglich; danach steht Weiß im Endspiel leicht
besser. Dazu gibt es einige Beispiele in der Datenbank; weitergehen könnte es
mit fxg5, Rdf1 usw. Dennoch war dies hier die beste Fortsetzung.}) (20... Rc5
21. g5 Bd8 22. Rhe1 (22. Rde1 Kf8 23. h4 h5 24. Re4 Bb6 25. Rhe1)) 21. b4 $1 {
Now rook is trapped on d5! Nun ist der Turm auf d5 gefangen!} Rc8 {The only
way to try to bring the rook back into the game after 22.Be4 d3!!  Der einzige
Versuch, den Turm wieder ins Spiel zu bringen, und zwar nach 22.Be4 d3!!} 22.
a4 $1 {The most precise. Now it's impossible to save the rook on d5. Am
genauesten. Nun ist der Turm auf d5 nicht zu retten.} (22. c4 $5 dxc3 23. Bxh7+
Kxh7 24. Rxd5 c2+ 25. Kc1 Bf2 {and Black retains some drawing chances. und
Schwarz wahrt einige Remischancen.}) 22... Rc3 (22... Bf6 23. Be4 $1 d3 24. c3
$3 Rxc3 25. Bxd5 Ra3 26. Ba2 $18 (26. Kc1 $18)) (22... f5 23. gxf5 $18) 23. Kb2
(23. Rc1 $5 {Both Grandmaster Ljuboevic and I saw this move instantly. I was
at the board and I heard Ljuboevic's assesment after the game when he told me
about this move. We discussed and we came to conclusion that it was ALSO
winning, but in fact it was even slightly cleaner from cybernetic point of
view. The main reason was that we considered the position after 23..f5! 24.
gxf5 g6, then taking on f5 and going for Bf6 as STILL offering chances. But we
also understood that fxg6-hxg6-Rhg1 SHOULD BE WINNING. But it's easily winning
in fact. Just a totally winning position. So all we analysed was right. Sowohl
Großmeister Ljuboevic als auch ich selbst sahen diesen Zug sofort. Ich saß am
Brett und hörte nach der Partie Ljuboevics Einschätzung, als er mir von diesem
Zug erzählte. Wir diskutierten, und wir kamen zu dem Ergebnis, dass er AUCH
gewinnt, tatsächlich aber in kybernetischer Sicht etwas sauberer war. Der
Hauptgrund war, dass wir die Stellung nach 23...f5! 24.gxf5 g6 nebst Schlagen
auf f5 und der Absicht Bf6 als NOCH Chancen bietend einschätzten. Aber wir
begriffen auch, dass fxg6-hxg6-Rhg1 GEWINNEN SOLLTE. Tatsächlich gewinnt es
leicht. Einfach eine totale Gewinnstellung. Also war alles, was wir analysiert
hatten, richtig.} f5 24. gxf5 g6 {The only way. Now Black wants to give up an
exchange, get the pawn on f5 and bring the bishop to f6. This would create a
sort of fortress. Die einzige Möglichkeit. Nun will Schwarz eine Qualität
geben, den Bauern nach f5 bekommen und den Läufer nach f6 bringen. Danach
entstünde eine Art Festung.} (24... Rxd3 {The idea is that now compared to the
text White's rook is already on c1 instead of king on b2 which is more
important here. White will have the possibility of penetration by Rc8 or Rc7!
Die Idee ist, dass nun im Vergleich zum Text statt des Königs auf b2 der weiße
Turm bereits auf c1 steht, was hier wichtiger ist. Weiß wird die Möglichkeit
haben, mit Rc8 oder Rc7 einzudringen!} 25. cxd3 Rxf5 26. Rc8+ $18) 25. Rhg1 $1
Kf7 26. fxg6+ hxg6 27. Rg4 $1 {[%csl Rd5,Rg6][%cal Gc1g1] A strong
intermediate move. Now Black can't play Rh5 due to Bxg6+, and also there is no
single satisfactory square for the bishop. White goes for Rcg1 next, and it's
totally winning due to the fact that the g6-pawn falls after  Ein starker
Zwischenzug. Nun kann Schwarz nicht Rh5 spielten wegen Bxg6+, außerdem der
Läufer kein einziges befriedigendes Feld. Weiß spielt als nächstes Rcg1 und
steht total auf Gewinn aufgrund der Tatsache, dass der g6-Bauern fällt nach}
Be7 28. Rcg1 Bf6 29. R4g3 {[%csl Rg6][%cal Gd3e4]} Kf8 30. Rxg6 Kf7 31. Rh6 $18
{[%csl Rd5,Rf6,Rf7][%cal Gd3e4,Gh6h7]}) 23... f5 $8 (23... Rxd3 24. cxd3 $18 (
24. Rxd3)) (23... Bf6 24. g5 $18 (24. Be4 d3 25. Bxd5 Rc5+ 26. Kb3 Rxd5 (26...
Rc3+ 27. Ka2 Rxc2+ 28. Ka3 Rc3+ 29. Bb3 $18) 27. Rxd3)) 24. gxf5 $1 (24. Bxf5
$2 Rxf5 25. gxf5 Rc4 $1 $132) 24... Rxd3 25. cxd3 Rxf5 26. Rc1 $1 {A very
strong and important move! Otherwise Black still has chances to create some
kind of fortress, by a5 or Bd8-b6-a5 etc... So White should not lose time here.
Ein ganz starker und wichtiger Zug! Andernfalls hat Schwarz noch Chancen,
irgendeine Art von Festung aufzubauen, mit a5 oder Bd8-b6-a5 usw... Daher
sollte Weiß hier keine Zeit verlieren.} Rxf4 27. Rhf1 (27. Rc8+ Kf7 28. Rc7+
Ke6 29. Rxb7 Rf2+ 30. Kb1 $18) 27... Rxf1 (27... g5 28. Rxf4 gxf4 29. Rf1 $18)
28. Rxf1 Bd8 (28... Bg5 29. Rf2 $1 h5 30. a5 $1 $18 {White is much faster:
Rc2-c7 and Rxb7 with b5. Also if Black promotes pawns it will be mate after a8
Q - just in case :) Weiß ist viel schneller: Rc2-c7 und Rxb7 nebst b5. Auch
falls Schwarz einen Bauern umwandelt, wird es nach a8 Q Matt sein - nur für
den Fall:)}) 29. a5 $1 {The most precise and a great move. Now Black has to
resign. White threatens to go Rc1-c8-b8 xb7 after which the position is
totally winning. Am genauesten, und ein großartiger Zug. Nun muss Schwarz
aufgeben. Weiß droht Rc1-c8-b8 xb7, wonach die Stellung total gewonnen ist.}
1-0

[Event "RUS-chT"]
[Site "Dagomys"]
[Date "2008.04.05"]
[Round "4"]
[White "Radjabov, Teimour"]
[Black "Grachev, Boris V"]
[Result "1-0"]
[WhiteElo "2751"]
[BlackElo "2610"]
[Annotator "Kritz,L"]
[PlyCount "57"]
[EventDate "2008.04.02"]
[EventType "team"]
[EventRounds "11"]
[EventCountry "RUS"]
[SourceTitle "CBM 124"]
[Source "ChessBase"]
[SourceDate "2008.05.28"]
[SourceVersion "1"]
[SourceVersionDate "2008.05.28"]
[SourceQuality "1"]
[WhiteTeam "Ekaterinburg Ural"]
[BlackTeam "Nizhniy Tagil Polytechnik"]
[WhiteTeamCountry "RUS"]
[BlackTeamCountry "RUS"]

1. e4 c5 2. Nf3 e6 3. d4 cxd4 4. Nxd4 Nc6 5. Nc3 Qc7 {Die klassische
Paulsen-Variante. Eine andere moderne Fortsetzung ist 5....a6.} (5... a6 {
Die Idee dieses Zuges ist es, Weiss an der Durchfuehrung des Plannes mit der
langen Rochade zu stoeren.} 6. Nxc6 (6. Be3 Nf6 7. Qd2 {Weiss versucht in die
Varianten mit der langen Rochade hereinzukommen, doch dieser Versuch scheitert
forciert.} (7. Be2 {fuehrt zu den alten Hauptvarianten}) 7... Bb4 8. f3 d5 $1 {
Schwarz hat ein wichtiges Tempo an Qc7 gespart und bekommt leichten Ausgleich.}
9. a3 Qa5 10. Nb3 (10. exd5 Nxd5 11. Nb3 Bxc3 12. Nxa5 Bxd2+ 13. Bxd2 Nxa5 14.
Bxa5 Ne3 15. Kf2 Nxf1 16. Rhxf1 $11 {Karjakin - Rublevsky (Tomsk, 2006)}) 10...
Bxc3 11. bxc3 Qc7 12. Bf4 e5 13. exd5 exf4 14. dxc6 O-O 15. O-O-O Qxc6 16. c4
Be6 17. Qxf4 Rac8 18. Qd6 Qa4 19. Qb4 Qxb4 20. axb4 Bxc4 $11 {Carlsen - Anand 
(Leon, 2005)}) 6... bxc6 7. Bd3 d5 8. O-O Nf6 9. Re1 $132 {In dieser Stellung
sind Hunderte von Partien gespielt worden, es ist offensichtlich, dass Weiss
einen kleinen Vorteil hat, doch bei der richtigen Verteidigung sollte sich
Schwarz halten koennen.}) 6. Be3 Nf6 (6... a6 {Gilt als Hauptzug und ist wohl
auch staerker. Der Partiezug ist ziemlich riskant und nicht empfehlenswert
fuer Schwarz.} 7. Qd2 {Heute wohl die populaerste Fortsetzung.} (7. Bd3 Nf6 8.
O-O Nxd4 9. Bxd4 Bc5 10. Bxc5 Qxc5 $11) (7. Be2 Nf6 8. O-O Bb4 $132 {Fuehrt zu
komplexen Stellungen mit interessantem Spiel und Chancen fuer beide Seiten.})
7... Nf6 8. O-O-O Bb4 9. f3 $132 {Dies ist eine der Hauptstellungen in der
heutigen Paulsen Theorie. Letzte Erfahrungen haben gezeigt, dass Schwarz wohl
ueber ausreichende Chancen verfuegt, ein gutes Gegenspiel zu bekommen.}) 7. f4
$1 {Die beste Reaktion! Weiss will die "theoretische Ungenauigkeit" von
Schwarz sofort ausnutzen.} (7. Ndb5 $5 {Ist auch sehr interessant und
verspricht Weiss ein sehr gutes Spiel.} Qb8 (7... Qd8 $2 8. Nd6+ Bxd6 9. Qxd6
$16) (7... Qa5 8. Bd2 Qd8 (8... Qb6 9. Bf4 e5 10. Be3 Qa5 11. f3 Bb4 12. a3
Bxc3+ 13. Nxc3 $16 {Zu dem Zwei-Laufer-Vorteil hat Weiss auch noch eine Menge
Felder auf der D-Linie, was ihm einen riesen Vorteil sichert.}) 9. Bf4 e5 10.
Bg5 $16 {Wir kamen zu einer Stellung, die aus Sveshnikow Variante entsteht,
nur steht dort der Bauer schon auf d6 und Schwarz ist immer noch am Zug. So
wie es hier ist, hat Schwarz einfach einen sehr wichtigen Temp weniger.}) 8. f4
a6 9. e5 axb5 10. exf6 b4 $1 (10... gxf6 11. Nxb5 d5 (11... b6 12. Qd2 Ba6 13.
O-O-O d5 14. Qc3 Bc5 15. Bxc5 bxc5 16. Qxc5 $18) 12. Be2 Bd7 13. O-O Bd6 14. c4
Ne7 15. Qb3 Bc6 16. Rad1 $16 {Fressinet - Simon (Evry, 2004)}) 11. Nb5 b6 12.
fxg7 Bxg7 13. Bd3 O-O (13... Na7 $6 {Sieht zu passiv aus, Schwarz sollte
versuchen, so schnell wie moeglich den eigenen Koenig in Sicherheit zu bringen.
} 14. Qg4 Bxb2 (14... O-O 15. Bd4 f6 16. Qh5 h6 17. Qg6 $18) 15. Rb1 Bf6 16.
Rxb4 Ba6 17. O-O h5 18. Qe2 Nxb5 19. Bxb5 Qd6 20. Rfb1 Bxb5 21. Rxb5 Bd4 22.
Qd3 Bxe3+ 23. Qxe3 $14 {Nepomniachtchi - Grachev (Moscow, 2008)}) 14. O-O Ba6 (
14... Bxb2 {Annehmen des Opfers ist in solchen Situationen gefaehrlich -
schwarzer Koenig ist nicht sicher und dazu hat Weiss einen spurbaren
Entwicklungsvorsprung.} 15. Rf3 $1 f5 (15... Bxa1 16. Rg3+ Kh8 (16... Bg7 17.
Qg4 $18) 17. Qh5 f5 18. Rh3 $18) 16. Rg3+ Kh8 17. Qh5 Bg7 18. Bc1 $3 Ba6 19.
Bb2 Bxb2 20. Rh3 Rf7 21. Qxf7 $16) 15. Rf3 f5 16. Rg3 Kh8 17. Qh5 $1 (17. Bf1
$6 {Unklar wozu man diesen Zug braucht...} Bxb5 18. Bxb5 Ra7 19. Qd2 Bxb2 20.
Bxc6 dxc6 21. Bd4+ Bxd4+ 22. Qxd4+ e5 23. Qxb4 c5 $132 {Motylev - Grachev 
(Moskau, 2008)}) 17... Qd8 18. Rh3 h6 19. Rd1 Qf6 20. c3 $36 {Weisse
Initiative ist super stark!}) (7. Qd2 {Ist hier nicht so gut, weil Schwarz die
Stellung vereinfachen kann:} Bb4 8. f3 Nxd4 9. Qxd4 Bxc3+ 10. Qxc3 (10. bxc3 e5
11. Qb4 d6 12. O-O-O O-O $132) 10... Qxc3+ 11. bxc3 d6 $11 {Es ist sehr
wichtig, dass Schwarz kein a6 gespielt hat, denn dadurch ist das Feld b6 nicht
schwach und die einzige Schwaeche d6 ist mittels Ke7-Rd8 leicht verteidigbar.})
7... Bb4 (7... d6 8. Qf3 a6 9. O-O-O $14 {Weiss hat eine sehr gute Stellung
mit vielen Angriffsmoeglichkeiten wie z.B. g4-g5-h4 usw.}) 8. Ndb5 (8. Qd3 {
Verspricht Weiss offensichtlich eher wenig.} d5 9. e5 Ne4 10. Be2 Bd7 11. O-O
Nxd4 12. Bxd4 Bxc3 13. bxc3 Rc8 14. Rf3 Qa5 15. Qe3 g6 $13 {Berg - Von Bahr 
(Stockholm, 2004)}) 8... Qa5 (8... Qd8 9. Nd6+ Ke7 10. e5 Nd5 11. Bd2 $14) (
8... Qb8 9. a3 Bxc3+ 10. Nxc3 $16) 9. e5 (9. Bd2 a6 10. e5 axb5 11. exf6 Bxc3 (
11... gxf6 12. Nxb5 Bxd2+ 13. Qxd2 Qxd2+ 14. Kxd2 Ke7 15. c4 b6 $132 {Weiss
hat keinen Vorteil - die einzige schwarze Schwaeche, der Bauer b6, ist nicht
anzugreifen.}) 12. bxc3 (12. Bxc3 b4 13. fxg7 Rg8 14. Bd4 Qd5 15. Be3 (15. c3
Qe4+ 16. Be2 Qxf4 17. g3 Qg5 $132 {Demnaechst kommt Nxd4 und Qxg7}) 15... Rxa2
16. Rxa2 Qxa2 17. Bb5 Qxb2 18. Bxc6 Qc3+ 19. Kf2 Qxc6 20. Bd4 b6 $132) 12...
gxf6 13. Qg4 b4 $1 14. Qg7 Rf8 15. Qxf6 bxc3 16. Bxc3 Qc5 $1 $36 {und Schwarz
ergriff die Initiative in Ponomariov - Pelletier (Biel, 2004)}) 9... Nd5 (9...
Ne4 $5 {Ist vielleicht etwas besser, um dem weissen Laeufer das Feld d2 zu
nehmen.} 10. Qd3 f5 (10... Nxc3 11. bxc3 Be7 (11... O-O $6 {interessanter,
aber doch widerlegbarer Versuch} 12. cxb4 Nxb4 13. Qd2 Nxc2+ 14. Kf2 Qxd2+ 15.
Bxd2 Nxa1 16. Bd3 f6 17. exf6 Rxf6 18. Rxa1 $16 {Wegen der Schwaeche der
schwarzen Felder ist die Stellung fast gewonnen fuer Weiss.}) 12. g3 O-O 13.
Bg2 f6 14. exf6 Bxf6 15. O-O d5 16. Rfe1 $14 {Die Doppelbauern sind nicht so
schwach wie der e6-Bauer. Weiss hat einen sicheren Vorteil. Inarkiev -
Vitiugov (Moscow, 2006)}) 11. exf6 Nxf6 12. Be2 $1 {Man muss erst die eigene
Entwicklung beenden und erst dann sich an die Schwaechen im schwarzen Lager
ran machen.} (12. Nd6+ Bxd6 13. Qxd6 Ne4 $1 14. Qd3 Nxc3 15. Bd2 O-O 16. bxc3 (
16. Bxc3 Qa4 $1 17. g3 $2 Nb4 $1 $15) 16... e5 $132 {Kulaots - Nisipeanu 
(Turin, 2006)}) 12... O-O (12... Nd5 13. Bd2 Bxc3 14. bxc3 $1 (14. Nxc3 $4 Ncb4
15. Qe4 Nf6 $17) 14... O-O 15. O-O a6 16. Nd4 $14) 13. O-O d5 14. a3 Be7 15.
Rf3 $14 {Eine sehr gute fuer Weiss Redaktion der Franzoesischen Verteidigung
ist am Brett, wo die Schwaeche e6 und der schwache schwarze Koenig den weissen
Vorteil deutlich machen.}) 10. Bd2 Nxc3 11. bxc3 {Da der weisse Koenig selbst
noch im Zentrum steckt, muss Weiss in erster Linie versuchen, Zeit zu gewinnen,
um ihn zu sichern und gleichzeitig um Initiative zu entwickeln. Der
Bauernstruktur spielt hierbei eine zweitrangige Rolle.} (11. Bxc3 O-O 12. Qd2 (
12. a3 Bxc3+ 13. Nxc3 Qb6 $15) 12... f6 13. Bxb4 Qxb4 14. Qxb4 Nxb4 15. Bd3
fxe5 16. fxe5 Nc6 $15) 11... Be7 (11... Bc5 $5 {Ist noch nicht ausprobiert
worden.} 12. c4 Qb6 13. Rb1 $1 {Es scheint dass Weiss eine sehr starke
Initiative entwickelt.} O-O (13... Bf2+ 14. Ke2 O-O 15. Nd6 Qc5 16. c3 $1 (16.
Ne4 Qxc4+ 17. Kxf2 Qxe4 18. Bd3 Qa4 $13) 16... Bh4 17. Be3 $14) 14. Nd6 Qa6 15.
Bd3 Qxa2 16. Ne4 Bd4 (16... Be7 17. Bc3 Qa6 18. Nf6+ $1 Bxf6 19. exf6 g6 20.
Qc1 $18 {/\f5-Qh6 oder einfach h4-h5}) 17. Nf6+ $3 gxf6 18. Qg4+ Kh8 19. exf6 (
19. Qh4 f5 20. Qf6+ Kg8 $11) 19... Rg8 (19... Bxf6 20. Qh5 Qxb1+ 21. Ke2 Nd4+
22. Kf2 Nf5 23. Rxb1 $18) 20. Qh3 Rg7 21. fxg7+ Kxg7 22. c3 $18) 12. c4 Qd8 13.
Bd3 (13. Nd6+ Bxd6 14. exd6 Qb6 $132 {Schwarz ist ok weil Weiss keine
konkreten Drohungen aufstellen kann und selbst eine Menge Schwaechen hat.})
13... d6 (13... O-O {Waere logisch gewesen, doch kann Weiss sehr schnell einen
gefaehrlichen Angriff starten:} 14. Qh5 g6 (14... h6 15. O-O Qb6+ 16. Kh1 Nb4
17. Rab1 Nxd3 18. cxd3 Qc6 19. Bb4 Bxb4 20. Rxb4 b6 21. Nd6 $16) 15. Qh6 a6 16.
h4 axb5 17. h5 Bh4+ 18. Kd1 $40) 14. O-O O-O (14... a6 {Ist wohl sehr
provokativ, kann kaum gut sein, denn waehrend Weiss die Entwicklung beendet,
verliert Schwarz Zeit fuer Bauernzuege.} 15. Nxd6+ Bxd6 16. exd6 Qxd6 17. Be3
$1 (17. Kh1 Qc5 18. Rb1 O-O 19. Bc3 $14 {Vuckovic - Damljanovic (Mataruska
Banja, 2008)}) 17... g6 (17... O-O 18. Bxh7+ $18) 18. Be4 Qxd1 19. Rfxd1 O-O
20. Rd6 $16) 15. Nxd6 (15. Qh5 $6 {Der direkte Angriffsversuch scheitert:} g6
16. Qh6 dxe5 17. Rf3 f5 $1 18. Rh3 Rf7 $17) 15... Bxd6 16. exd6 Qxd6 17. Bc3 $1
$16 {Wie man leicht sehen kann, hat Weiss eine sehr gute Kompensation fuer die
Doppelbauer. Erstens, er verfuegt ueber ein aktives Lauferpaar. Zweitens,
Schwarz hat keine Zeit, die Entwicklung zu beenden, weil Bxh7 droht. Und
schliesslich dem weissen Aktivitaet praktisch auf dem ganzen Brett hat Schwarz
nichts entgegenzusetzen.} f5 18. Kh1 e5 19. fxe5 Qa3 20. Qe1 Be6 21. Rb1 b6 22.
g4 g6 23. gxf5 gxf5 24. Qg3+ Kh8 25. Bxf5 Nd4 26. Be4 Qc5 27. Qh4 Nf5 28. Rxf5
Rxf5 29. Bxf5 1-0

[Event "RUS-chT"]
[Site "Dagomys"]
[Date "2008.04.10"]
[Round "8"]
[White "Riazantsev, Alexander"]
[Black "Radjabov, Teimour"]
[Result "1/2-1/2"]
[WhiteElo "2638"]
[BlackElo "2751"]
[PlyCount "35"]
[EventDate "2008.04.02"]
[EventType "team"]
[EventRounds "11"]
[EventCountry "RUS"]
[SourceTitle "CBM 124"]
[Source "ChessBase"]
[SourceDate "2008.05.28"]
[SourceVersion "1"]
[SourceVersionDate "2008.05.28"]
[SourceQuality "1"]
[WhiteTeam "Cheliabinsk Southern Ural"]
[BlackTeam "Ekaterinburg Ural"]
[WhiteTeamCountry "RUS"]
[BlackTeamCountry "RUS"]

1. e4 c5 2. c3 e6 3. d4 d5 4. exd5 exd5 5. Nf3 Nc6 6. Bb5 Bd6 7. dxc5 Bxc5 8.
O-O Nge7 9. Nbd2 O-O 10. Nb3 Bd6 11. h3 Bf5 12. Bd3 Bg6 13. Bxg6 Nxg6 14. Be3
Bf4 15. Re1 Bxe3 16. Rxe3 Nf4 17. Nbd4 Re8 18. Rxe8+ 1/2-1/2